عرض عادي
عرض مارك
- Billings, Diane McGovern.
مدخل إسم شخص
001 - رقم الضبط
- حقل الضبط: 10230
003 - معرف رقم الضبط
- حقل الضبط: OSt
005 - تاريخ ووقت أخر عملية
- حقل الضبط: 20120405215336.0
008 - عناصر بيانات ثابتة الطول
- حقل تحكم ثابت الطول: 120405|||a|||||| | ||| d
040 ## - مصدر الفهرسة
- هيئة الفهرسة الأصلية: OSt
- وكالة الكتابة: OSt
100 ## - مدخل -- أسم شخص
- إسم شخص: Billings, Diane McGovern.
670 ## - بيانات المصدر موجوده
- الاستشهاد بالمصدر: Work cat.: (OSt)0: Teaching in nursing :, c2005.
